| 000 | 01023nam0a22002651 4500 | ||
|---|---|---|---|
| 001 | rc\2812868 | ||
| 005 | 20250806210831.0 | ||
| 035 | _a(NLR Aleph) 006938685 | ||
| 090 |
_a36673 _c36673 |
||
| 100 | _a20110915d1944 u y0rusy50 ca | ||
| 101 | 0 | _arus | |
| 102 | _aRU | ||
| 105 | _aa z ||||| | ||
| 200 | 1 |
_aЧтение чертежей _eПособие для обучения и самообразования рабочих машиностр. и металлообрабат. предприятий _fА. В. Игнатов _gПод ред. инж. Н. И. Савинкова |
|
| 210 |
_aБ. м. _cКировский завод _d1944 |
||
| 215 |
_a71 с. _cчерт. _d20 см. |
||
| 700 | 1 |
_aИгнатов _bА.В. _gАлексей Васильевич |
|
| 702 | 1 |
_aСавинков _bН.И. _4340 |
|
| 801 | 0 |
_aRU _bNLR _gpsbo |
|
| 801 | 1 |
_aRU _bELAR _2rusmarc |
|
| 852 |
_aNLR _jТ10 Г-4/65 |
||
| 942 | _cBOOK | ||
| 945 | _aРоссийская национальная библиотека | ||
| 980 | _aNB | ||
| 980 | _aBV | ||